000 00627cam a22001932a 4500
001 016048
003 AR-FADEU
008 311216n1933####xxu####################dd
092 _aA868.3
_bW671li
100 _aWilde, Eduardo
245 _aObras completas : literarias
260 _aBuenos Aires
260 _bLa Facultad
260 _c1933
300 _a2 v
500 _aSegunda parte: vol. 7. inv. 8804. Recuerdos, recuerdos ; Entre la niebla. -- vol. 8. inv. 8803. Articulos de carácter político
650 _aLITERATURA ARGENTINA-SIGLO XIX; ENSAYO; CARTAS/REVISADO/MEMORIAS; POLITICA ARGENTINA
942 _cBDGR
999 _c21806
_d21806